00288nam a2200109Ia 4500008004100000020001800041041000800059100003000067245002600097260004700123300000800170230724s2013 xx und d a9790000000000 aeng aED. ZHANG H AND HELONG W. aDENTAL CLINIC DESIGN. bDESIGN MEDIA PUBLISHING LTD.HONGKONGc2013 a237